<?xml version="1.0" encoding="UTF-8"?><OAI-PMH xmlns="http://www.openarchives.org/OAI/2.0/" xmlns:xsi="http://www.w3.org/2001/XMLSchema-instance"     xsi:schemaLocation="http://www.openarchives.org/OAI/2.0/ http://www.openarchives.org/OAI/2.0/OAI-PMH.xsd"><responseDate>2026-05-16T00:27:18Z</responseDate><request verb="GetRecord" identifier="oai:regmurcia.com:fintegr.2039" metadataPrefix="marc21">http://oai.regmurcia.com/oai2/oai2.php</request><GetRecord><record><header><identifier>oai:regmurcia.com:fintegr.2039</identifier><datestamp>2026-05-16</datestamp><setSpec>documentos</setSpec></header><metadata><record  xmlns="http://www.loc.gov/MARC21/slim" xmlns:xsi="http://www.w3.org/2001/XMLSchema-instance" xsi:schemaLocation="http://www.loc.gov/MARC21/slim http://www.loc.gov/standards/marcxml/schema/MARC21slim.xsd" type="Bibliographic"><leader>00000nam a2200000   4500</leader><controlfield tag="001" >005072859</controlfield><controlfield tag="003" >2039</controlfield><controlfield tag="004" >A00000000</controlfield><datafield tag="245" ind1=" " ind2=" "><subfield code="a">Expediente sobre las medidas adoptadas por los herederos de Cinco Alquerías y Benicomay para evitar que los ganados ocasionaran desperfectos en sus heredamientos</subfield></datafield><datafield tag="300" ind1=" " ind2=" "><subfield code="c">220 x 155 mm.</subfield></datafield><datafield tag="300" ind1=" " ind2=" "><subfield code="a">2 fol.</subfield></datafield><datafield tag="351" ind1=" " ind2=" "><subfield code="a">Unidad Documental</subfield><subfield code="c">Archivo de Murcia. Array</subfield><subfield code="a">Unidad Documental</subfield><subfield code="c">Archivo de Murcia. Array</subfield></datafield><datafield tag="351" ind1=" " ind2=" "><subfield code="b">Nº 47</subfield></datafield><datafield tag="520" ind1=" " ind2=" "><subfield code="a">Testimonio de la presentación ante el concejo de Murcia por parte de Fernando Dávalos y Juan Moratón, en nombre de los herederos de Cinco Alquerías y Benicomay, de ciertas ordenanzas hechas por ellos para evitar que se ocasionen desperfectos en sus heredamientos. El concejo aprueba las ordenanzas. (1463-9-17. Murcia)
- Testimonio del pregón de las ordenanzas, en las que se establecen las condiciones relativas al paso de ganado por los heredamientos. (1463-9-18. Murcia)</subfield></datafield><datafield tag="583" ind1=" " ind2=" "><subfield code="u">http://www.regmurcia.com/servlet/s.Sl?METHOD=VERDOCUMENTO&amp;sit=serv,Carmesi&amp;n=/01/1307/indice.djvu</subfield></datafield><datafield tag="592" ind1=" " ind2=" "><subfield code="a">1463-09-17/1463-09-18</subfield></datafield><datafield tag="592" ind1=" " ind2=" "><subfield code="d">1463-09-18 00:00:00</subfield></datafield><datafield tag="651" ind1=" " ind2=" "><subfield code="a">Murcia</subfield></datafield><datafield tag="786" ind1=" " ind2=" "><subfield code="o">http://www.regmurcia.com/servlet/s.Sl?METHOD=VERDOCUMENTO&amp;sit=serv,Carmesi&amp;n=/01/1307/indice.djvu</subfield></datafield><datafield tag="856" ind1=" " ind2=" "><subfield code="u">http://www.regmurcia.com/servlet/s.Sl?METHOD=DETALLE&amp;sit=c,373,m,139,serv,Carmesi&amp;id=2039</subfield></datafield></record></metadata></record></GetRecord></OAI-PMH>
